000 00624cam a22002051 4500
001 sa 68019055
003 DLC
005 20260227112716.0
008 760616s1964 io o000 0 ind
010 _asa 68019055
035 _a(OCoLC)2231145
040 _aDLC
_cOAU
_dDLC
042 _apremarc
050 0 0 _aLA1273
_b.A53
110 1 _aIndonesia.
_bDepartemen Perguruan Tinggi dan Ilmu Pengetahuan.
245 1 0 _aBuku peringatan triwarsa Departemen Perguruan Tinggi dan Ilmu Pengetahuan, 1964.
260 _a[Djakarta,
_c1964]
300 _a 126 p.
_billus., ports.
_c31 cm.
650 0 _aEducation, Higher
_zIndonesia.
999 _c88795
_d88795